00549nam a2200133Ia 4500008004100000100002100041245012300062245008300185260005300268260000900321300000900330650001500339856006100354170221s9999 xx 000 0 und d aMazuri Abd Ghani aRelationship Marketing Practices and Effects on Marketing Effectiveness: An Empirical Insight from the Hotel Industry  cMazuri Abd Ghani, Aida Othman, Nor Asmahani Ibrahim, Wan Zulqurnain Wan Ismail bInternational Review of Management and Marketing c2016 a15 : xMarketing. uhttp://www.econjournals.com/index.php/irmm/issue/view/88